000 00310nam a2200133Ia 4500
008 231017s9999 xx 000 0 und d
082 _a625.852
082 _bGRE
245 0 _aAnalysis of Sulfur Compound Types in Asphalt
245 0 _cJohn Green
260 _bJohn Green
300 _c30cm
942 _cREP
999 _c604602
_d604602